In this body, in this lifetime : (Record no. 10472)
[ view plain ]
| 000 -LEADER | |
|---|---|
| fixed length control field | 00420nam a22001337a 4500 |
| 008 - FIXED-LENGTH DATA ELEMENTS--GENERAL INFORMATION | |
| fixed length control field | 240925b |||||||| |||| 00| 0 eng d |
| 020 ## - INTERNATIONAL STANDARD BOOK NUMBER | |
| International Standard Book Number | 9781645473589 |
| 082 ## - DEWEY DECIMAL CLASSIFICATION NUMBER | |
| Classification number | 294.342 SUD |
| 100 ## - MAIN ENTRY--PERSONAL NAME | |
| Personal name | Sudan, Esho. (Ed.) |
| 245 ## - TITLE STATEMENT | |
| Title | In this body, in this lifetime : |
| Remainder of title | awakening stories of Japanese soto zen women. |
| 260 ## - PUBLICATION, DISTRIBUTION, ETC. | |
| Place of publication, distribution, etc. | Colorado : |
| Name of publisher, distributor, etc. | Sambhala Publications, |
| Date of publication, distribution, etc. | 2025. |
| 300 ## - PHYSICAL DESCRIPTION | |
| Extent | xxi, 199 p. |
| Other physical details | ill. ; |
| Dimensions | 24 cm. |
| 942 ## - Added entry Elements (Koha) | |
| Source of classification or shelving scheme | Dewey Decimal Classification |
| Withdrawn status | Lost status | Source of classification or shelving scheme | Damaged status | Not for loan | Collection code | Home library | Current library | Shelving location | Date acquired | Inventory number | Total Checkouts | Full call number | Barcode | Date last seen | Date last checked out | Price effective from | Koha item type | Public note |
|---|---|---|---|---|---|---|---|---|---|---|---|---|---|---|---|---|---|---|
| Dewey Decimal Classification | Main TEST | RTC Library | RTC Library | Main opac | 11/08/2025 | 19747 | 1 | 294.342 SUD | 30020965 | 28/08/2025 | 27/08/2025 | 11/08/2025 | Main | Donated by Her Majesty Gyalyum Kesang Choeden Wangchuck. |